Tarih açısından Türk devriminin temelleri ve gelişimi/ (Record no. 14189)

MARC details
000 -BAŞLIK
Sabit Uzunlukta Kontrol Alanı 00911nam a22002537a 4500
999 ## - SİSTEM KONTROL NUMARALARI (KOHA)
Koha Biblionumber 14189
Koha Biblioitemnumber 14189
003 - KONTROL NUMARASI IDENTIFIER
Denetim Alanı MIRAKIL
005 - SON İŞLEM TARİHİ VE ZAMANI
Denetim Alanı 20201112164628.0
008 - SABİT-BOY VERİ ELEMANLARI - GENEL BİLGİLER
Sabit Uzunlukta Kontrol Alanı 201112b tu ||||| |||| 00| 0 tur d
040 ## - KATALOGLAMA KAYNAK
Orijinal Kataloglama Ajansı TR-AnCHP
Kataloglama Dili tur
Metne Dönüştürmek Ajansı TR-AnCHP
041 ## - DİL KODU
Metin / Ses Parça Veya Ayrı Başlığın Dil Kodu tur
082 ## - DEWEY ONLU SINIFLANDIRMA NUMARASI
Sınıflandırma Numarası ATA 956.1024
Ürün Numarası M85t 1981
100 ## - ANA GİRİŞ - KİŞİSEL İSİM
Kişisel Ad Mumcu, Ahmet
245 ## - BAŞLIK TABLOSU
Başlık Tarih açısından Türk devriminin temelleri ve gelişimi/
Sorumluluk Tablosu, Vb Ahmet Mumcu.
246 ## - UNVAN FORM VARYING
Başlık Doğru / Kısa Başlığı Türk devriminin temelleri ve gelişimi
250 ## - EDITION TABLOSU
Baskı Beyanı 6. bs.
260 ## - YAYIN, DAĞITIM, VB
Yayın, Dağıtım, Vb Yeri İstanbul:
Yayıncı, Dağıtıcı, Vs Adı İnkılap ve Aka Kitabevleri,
Yayın, Dağıtım, Vb Tarihi 1981.
300 ## - FİZİKSEL TANIM
Kapsam xvi, 224 s.:
Diğer Fiziksel Ayrıntıları tbl.
Boyutlar 23 sm.
500 ## - GENEL NOT
Genel Not Kaynakça ve dizin vardır.
600 ## - KONU KATMA GİRİŞ - KURUMSAL ADI
Kişisel Ad Atatürk, Mustafa Kemal
Bir Adıyla İlişkilendirilen Tarihler 1881-1938
Genel Alt Bölümü Atatürk devrimleri
650 ## - KONU KATMA GİRİŞ - TOPİKAL DÖNEM
Topikal Süreli Veya Coğrafi Ad Giriş Elemanı Atatürk devrimleri
Coğrafi Alt Bölümü Türkiye
651 ## - KONU KATMA GİRİŞ - COĞRAFİ ADI
Coğrafi İsim Türkiye
Genel Alt Bölümü Tarih
Kronolojik Alt Bölümü Kurtuluş Savaşı, 1918-1923
856 ## - ELEKTRONİK YER VE ERİŞİM
Kamu Notu Dijital Nüshası için Partimizin Kütüphane Sorumlusu ile iletişime geçiniz.
942 ## - EKLENDİ GİRİŞ ELEMANLARI (KOHA)
Sınıflandırma Veya Raf Düzeni Kaynak Dewey Decimal Classification
Koha Öğesi Türü Books
Holdings
Kalıcı Konum Mevcut Konum Edinme Tarihi Toplam Check-Out'Lar Tam Çağrı Numarası Barkod Tarih Son Görülme İtibaren Geçerli Fiyatlar Sigara Kamu Notu Koha Öğesi Türü
CHP Kütüphanesi CHP Kütüphanesi 11/12/2020   ATA 956.1024 M85t 1981 019717 11/12/2020 11/12/2020 Emine Başak Alkan Bağışıdır. Books